000 00523nam a2200229Ia 4500
003 OSt
005 20220924151041.0
006 a|||||r|||| 00| 0
007 ta
008 220923b |||||||| |||| 00| 0 tel d
020 _c25.00
024 _a335808
037 _cTextual
040 _aARTS
_cARTS
_btel
041 _2tel
_atel
082 _aO35,1x, M7
245 0 _aShila gosha
260 _c1987
650 _aTELUGU LITERATURE
942 _hO35,1x, M7
_cTEXL
_2CC
999 _c465357
_d465357